000 00591nam a22002297a 4500
003 UA-OsUOA
001 100909
007 ta
008 20130603b un ||||| |||| 00| 0 ukr d
100 _aШапошникова Л.
090 _a821.161.1
_bШ24
942 _cBK
040 _aUA-OsUOA
_brus
_cUA-OsUOA
_dUA-OsUOA
245 _aГоды и дни Мадраса
300 _a383 с.
955 _a3
041 _arus
080 _a821.161.1
260 _aМ.
_bНаука
_c1971
650 7 _a82 Література. Літературознавство
_2UDC
999 _c386836
_d386836